000 00641cab a2200229 4500
001 ABS59586
008 090401t1998 xxu||||| |||| 00| 0 eng d
035 _a(Sirsi) u89879
041 _aeng
245 _aLocal leagues
260 _c1998
350 _a0
490 _aBuilding
_v263(8065) 20 November 1998, 42-43(2)
520 _aFirst of a quarterly series compiled by Glenigan, reporting on contractors` regional results.
650 _aCONSTRUCTION INDUSTRY
650 _aCONTRACTORS` PERFORMANCE
650 _aPROJECTS
650 _aREGIONAL VARIATIONS
690 _aBUILT ENVIRONMENT
942 _n0
948 _c23/11/1998
999 _c56902
_d56902